| 000 | 00463ntaaa2200181 4500 | ||
|---|---|---|---|
| 003 | 01 | ||
| 005 | 20251027201804.0 | ||
| 008 | 0714s1973 ag 01 | ||
| 040 |
_aAR-BaBN _bspa _cAR-BaBN _eaacr _dRIC |
||
| 082 | _a241.6810 G58L | ||
| 100 |
_aGonzalez Quiroz, Adrián _916313 |
||
| 245 | _aLlegando al alcohólico | ||
| 250 | _a1 ed. | ||
| 260 |
_aEl Paso : _bCasa Bautista de Publicaciones, _c1978 |
||
| 300 | _a48 p | ||
| 650 |
_aalcoholismo _91911 |
||
| 942 | _cBK | ||
| 999 |
_c12526 _d12526 |
||